| 000 | 00624nam a2200253Ia 4500 | ||
|---|---|---|---|
| 005 | 20250425161353.0 | ||
| 008 | 250425s9999 xx 000 0 und d | ||
| 020 | _a9684225652 | ||
| 041 | _aspa | ||
| 082 | _a620.1 | ||
| 100 | _aBEER, FERDINAND P. | ||
| 245 | 0 | _aMECANICA VECTORIAL PARA INGENIEROS: DINAMICA | |
| 250 | _a4A ED. | ||
| 260 | _aMEXICO | ||
| 260 |
_aMéxico _bMCGRAW-HILL _c1985 |
||
| 300 | _a436 | ||
| 650 | _aDINAMICA | ||
| 650 | _aPARTICULAS | ||
| 650 | _aVELOCIDAD | ||
| 650 | _aVIBRACIONES MECANICAS | ||
| 700 |
_aOTILIO DE LA CRUZ JIMENEZ _etraductor |
||
| 942 | _c01 | ||
| 010 | _a18766 | ||
| 999 |
_c207866 _d207866 |
||